50 Biggest Cities of Kosovo on a Map - Statistics

General Stats
  • This quiz has been taken 296 times
  • The average score is 11 of 50
Answers on the Map
Answers color-coded by a green-red scale on the quiz's map according to % correct below.
 
Answer Stats
Population City % Correct
219,017 Priština
94%
193,806 Prizren
76%
97,271 Peć (Pejë)
60%
73,518 Gjilan
59%
105,663 Ferizaj (Uroševac)
56%
80,522 Podujevo
41%
92,827 Gjakovë (Ðakovica)
40%
39,257 Fushë Kosovë
33%
41,119 Istog
31%
42,490 Deçan
30%
61,014 Vushtrri
30%
34,667 Kaçanik
29%
52,586 Srbica
29%
12,881 Leposaviq
27%
55,878 Mališevo
27%
56,366 Suva Reka
27%
33,482 Dragash
26%
40,175 Klinë
26%
57,457 Lipjan
25%
47,473 Viti
25%
55,391 Rahovec
24%
12,158 Graçanicë
23%
6,605 Zubin Potok
23%
7,192 Zveçan
21%
26,166 Kamenicë
20%
17,264 Obiliq
20%
60,721 Glogovac
18%
6,359 Junik
18%
7,070 Novobërdë
18%
26,954 Shtime
18%
6,503 Štrpce
16%
5,810 Mamushë
15%
10,111 Hani i Elezit (Ðeneral Janković)
14%
2,705 Klokot
13%
3,698 Ranilug
13%
1,675 Parteš
12%
11,882 Mitrovica e Veriut
9%
68,238 Mitrovicë e Jugut
9%
5,500 Isniq
8%
2,500 Prilep
7%
2,200 Irzniq
6%
2,000 Gllogjan
5%
6,100 Strellc i Epërm
5%
1,575 Leshan
3%
1,500 Lluka e Eperme
2%
1,500 Lumbardhi
2%
1,883 Peqan
2%
2,850 Strellc i Ulët
2%
1,576 Budakovo
1%
19,863 Llazicë
1%
No matching quizzes found
Score Distribution
Percent of People with Each Score
Percentile by Number Answered
Your Score History
You have not taken this quiz